000 00373nam a2200133Ia 4500
008 151001s9999||||xx |||||||||||||| ||und||
100 _aआर गुप्ता
245 _aएस.एस.सी संयुक्त मुख्य
250 _a1
260 _bरमेश पब्लिशिंग
260 _c2007
300 _a40
365 _b24
999 _c987983
_d987980